| 000 | 00775nam a22002297a 4500 | ||
|---|---|---|---|
| 003 | OSt | ||
| 005 | 20240603161739.0 | ||
| 008 | 240603b |||||||| |||| 00| 0 eng d | ||
| 020 | _a978007108657 | ||
| 040 |
_aDWCL-Main lib. _cOC |
||
| 082 |
_28th edition _aCirc. 658.049 L973i 2012 |
||
| 100 | _aLuthans, Fred | ||
| 245 | _aInternational management : culture, strategy and behavior / | ||
| 250 | _a8th edition | ||
| 260 |
_aNew York : _bMcGraw-Hill, _cc2012. |
||
| 300 |
_axxvi, _b646 p. : col. ill. ; _c28 cm. |
||
| 504 | _aIncludes indexes. | ||
| 650 | _a1. International business enterprises–Management. | ||
| 650 | _a 2. International business enterprises–Management–Case studies. | ||
| 700 | _aFred Luthans | ||
| 942 |
_2ddc _cBK-CIRC _e8th edition _kCirc. _n0 |
||
| 999 |
_c103 _d103 |
||